Luke Perry Filmography - Statistics

General Stats
  • This quiz has been taken 12 times
    7 since last reset
  • The average score is 26 of 116
Answer Stats
Type Year Name % Correct
TV Show 1990-1995, 1998-2000 Beverly Hills, 90210
80%
Film 1992 Buffy the Vampire Slayer
80%
Film 1997 The Fifth Element
80%
Film 2019 Once Upon a Time in Hollywood
60%
TV Show 2017-2019 Riverdale
60%
TV Show 1993 Saturday Night Live
60%
TV Show 1993 The Simpsons
60%
Film 1994 8 Seconds
40%
Film 2014 A Fine Step
20%
TV Film 2008 A Gunfighter's Pledge
20%
Film 2007 Alice Upside Down
20%
TV Show 2008 American Idol
20%
Film 1996 American Strays
20%
Film 2009 A Midsummer Comedy
20%
TV Film 2009 Angel and the Bad Man
20%
TV Show 1988-1989 Another World
20%
TV Film 1993 At Home with the Webbers
20%
Commercial 1990 AT&T
20%
Film 2000 Attention Shoppers
20%
TV Film 2008 A Very Merry Daughter of the Bride
20%
TV Film 2011 Battle Scars: The Bud Moore Story
20%
Music Video 1985 Be Chrool to Your Scuel
20%
TV Show 2019 BH90210
20%
TV Show 2007 Biker Mice from Mars
20%
Film 2015 Black Beauty
20%
TV Show 2012-2013 Body of Proof
20%
TV Show 2003 Clone High
20%
TV Show 2013 Community
20%
Documentary 2002 Cowboy Up: Inside the Extreme World of Bull Riding
20%
TV Show 2008 Criminal Minds
20%
TV Film 2005 Descent
20%
Film 2001 Dirt
20%
Film 2006 Dishdogz
20%
Film 2003 Down the Barrel
20%
Film 2016 Dudes & Dragons
20%
TV Show 2000 Family Guy
20%
TV Show 1998 Fanatic
20%
TV Show 2010 FCU: Fact Checkers Unit
20%
Short Film 2013 Flat Chested
20%
Film 2002 Fogbound
20%
TV Show 2010 Generator Rex
20%
Film 2010 Good Intentions
20%
TV Film 2011 Goodnight for Justice
20%
TV Film 2013 Goodnight for Justice: Queen of Hearts
20%
TV Film 2012 Goodnight for Justice: The Measure of a Man
20%
Film 2010 Hanna's Gold
20%
Music Video 2009 ¡Happy Birthday Guadalupe!
20%
TV Show 1998 Hollywood Squares
20%
TV Film 1998 Indiscreet
20%
TV Mini-Series 1997 Invasion
20%
Film 2017 It's Gawd!
20%
TV Show 1992 Jeopardy!
20%
TV Show 2002-2004 Jeremiah
20%
TV Film 2015 Jesse Stone: Lost in Paradise
20%
TV Show 2005 John from Cincinnati
20%
TV Show 2000 Johnny Bravo
20%
TV Film 2002 Johnson County War
20%
TV Show 2008 Law & Order: Special Victims Unit
20%
TV Show 2010 Leverage
20%
Film 1997 Lifebreath
20%
TV Film 2016 Love in Paradise
20%
TV Show 1987-1988 Loving
20%
TV Show 2014 Major Crimes
20%
TV Show 1996 Mortal Kombat: Defenders of the Realm
20%
TV Show 2001 Night Visions
20%
Film 1996 Normal Life
20%
Commercial 2012 Old Navy
20%
TV Show 2001-2002 Oz
20%
TV Show 1992 Parker Lewis Can't Lose
20%
TV Show 1998-2000 Pepper Ann
20%
Commercial 1997 Pizza Hut
20%
TV Show 2011 Pound Puppies
20%
Film 2016 Race to Win
20%
TV Show 2013 Raising Hope
20%
Film 2010 Redemption Road
20%
Film 2013 Red Wing
20%
TV Film 1997 Riot
20%
Film 2009 Sam Steele and the Junior Detective Agency
20%
Film 2013 Scoot & Kassie's Christmas Adventure
20%
Film 1991 Scorchers
20%
Film 2009 Silent Venom
20%
TV Show 1997 Spin City
20%
Film 1999 Storm
20%
TV Film 2005 Supernova
20%
Film 1992 Terminal Bliss
20%
Film 2014 The Beat Beneath My Feet
20%
TV Show 2016 The Edge and Christian Show That Totally Reeks of Awesomeness
20%
Film 2001 The Enemy
20%
Film 2010 The Final Storm
20%
Film 1999 The Florentine
20%
Film 2018 The Griddle House
20%
Film 2001 The Heist
20%
TV Show 1996-1997 The Incredible Hulk
20%
TV Mini-Series 1997 The Legend of Calamity Jane
20%
TV Film 1999 The Night of the Headless Horseman
20%
Documentary 2011 The Play That Changed College Football
20%
Theater 2001 The Rocky Horror Show
20%
Film 2007 The Sandlot: Heading Home
20%
TV Mini-Series 2009 The Storm
20%
TV Film 2001 The Triangle
20%
TV Show 2015 Ties That Bind
20%
Film 2009 Upstairs
20%
Commercial 1989 U.S. Armed Forces
20%
TV Show 1982 Voyagers!
20%
TV Film 2015 Welcome Home
20%
TV Show 2005 What I Like About You
20%
Theater 2004 When Harry Met Sally
20%
TV Show 2005 Will & Grace
20%
TV Show 2006 Windfall
20%
TV Show 2007 WWE Raw
20%
TV Show 2006 WWE Smackdown!
20%
TV Show 1994-1995 Blind Mice from Mars
0%
Film 1995 Christmas Vacation '95
0%
Music Video 1986 Come Out and Play
0%
TV Show 2014 Hot in Cleveland
0%
Radio Series 2000 Tales from the Crypt
0%
No matching quizzes found
Score Distribution
Percent of People with Each Score
Percentile by Number Answered
Your Score History
You have not taken this quiz since the last reset